Obras completas / (Record no. 147311)
[ view plain ]
| 000 -LEADER | |
|---|---|
| campo de control de longitud fija | 01172nam a2200229 i 4500 |
| 001 - NÚMERO DE CONTROL | |
| campo de control | 147311 |
| 003 - IDENTIFICADOR DE NÚMERO DE CONTROL | |
| campo de control | ES-MaACL |
| 005 - FECHA Y HORA DE LA ÚLTIMA TRANSACCIÓN | |
| campo de control | 20250918211512.0 |
| 007 - CAMPO FIJO DE DESCRIPCIÓN FÍSICA--INFORMACIÓN GENERAL | |
| campo de control de longitud fija | t| |
| 008 - DATOS DE LONGITUD FIJA--INFORMACIÓN GENERAL | |
| campo de control de longitud fija | 070927m19661971sp cf ||||1|dspa d |
| 080 ## - NÚMERO DE LA CLASIFICACIÓN DECIMAL UNIVERSAL | |
| Número de la Clasificación Decimal Universal | 821.134.2"19" |
| 100 1# - ENTRADA PRINCIPAL--NOMBRE DE PERSONA | |
| Nombre de persona | Unamuno, Miguel de, |
| Fechas asociadas al nombre | 1864-1936 |
| 9 (RLIN) | 111982 |
| 245 10 - MENCIÓN DEL TÍTULO | |
| Título | Obras completas / |
| Mención de responsabilidad, etc. | Miguel de Unamuno ; [introducción, bibliografías y notas de Manuel García Blanco]. |
| 260 ## - PUBLICACIÓN, DISTRIBUCIÓN, ETC. | |
| Lugar de publicación, distribución, etc. | [Madrid] : |
| Nombre del editor, distribuidor, etc. | Escelicer, |
| Fecha de publicación, distribución, etc. | [1966-1971] |
| 300 ## - DESCRIPCIÓN FÍSICA | |
| Extensión | 9 v. : |
| Otras características físicas | il. ; |
| Dimensiones | 22 cm. |
| 505 8# - NOTA DE CONTENIDO CON FORMATO | |
| Nota de contenido con formato | Contiene: 1. Paisajes y ensayos (1307 p.) - 2. Novelas (1240 p.) - 3. Nuevos ensayos (1371 p.) - 4. La raza y la lengua (1467 p.) - 5. Teatro completo y monodiálogos (1226 p.) - 6. Poesía (1500 p.) - 7. Meditaciones y ensayos espirituales (1547 p.) - 8. Autobiografía y recuerdos personales (1270 p.) - 9. Discursos y artículos (1619 p.) |
| 505 8# - NOTA DE CONTENIDO CON FORMATO | |
| Nota de contenido con formato | En v. 8: La evolución del Ateneo de Madrid (publ. en La Nación, 24 de enero 1916), p. 367-373 |
| 610 24 - PUNTO DE ACCESO ADICIONAL DE MATERIA--NOMBRE DE ENTIDAD CORPORATIVA | |
| Nombre de entidad corporativa o nombre de jurisdicción como elemento de entrada | Ateneo de Madrid- |
| Subdivisión de forma | Historia- |
| -- | Relatos personales |
| 9 (RLIN) | 1926 |
| 700 1# - ENTRADA AGREGADA--NOMBRE PERSONAL | |
| Nombre de persona | García Blanco, Manuel, |
| Fechas asociadas al nombre | 1902-1966 |
| 9 (RLIN) | 54272 |
| 852 ## - LOCALIZACIÓN | |
| Ubicación | ES-MaACL |
| Número de control de estantería | A-5933-41 |
| Estatus retirado | Estado de pérdida | Estado de daño | No para préstamo | Colección | Biblioteca de origen | Biblioteca actual | Ubicación en estantería | Fecha de adquisición | Fuente de adquisición | Total de préstamos | Signatura topográfica completa | Código de barras | Visto por última vez | Precio de reemplazo | Tipo de ítem Koha |
|---|---|---|---|---|---|---|---|---|---|---|---|---|---|---|---|
| Fondo Ateneo de Madrid | Biblioteca del Ateneo de Madrid | Biblioteca del Ateneo de Madrid | Sala Pecera Planta 1 | 17/01/2008 | A-5933-41 | 1153730 | 23/02/2023 | 23/02/2023 | Libro impreso |
